Marques de voitures - Logos - Statistiques

Statistiques générales
  • Ce quiz a été pris 329 fois
  • Le résultat moyen est 15 sur 16
Statistiques - réponses
Par images Réponse % Correct
Audi
99%
Ferrari
98%
Aston Martin
97%
Jaguar
97%
Mercedes
97%
Peugeot
97%
Volvo
97%
Renault
96%
Toyota
96%
Honda
94%
Suzuki
91%
Lamborghini
89%
Citroën
88%
Seat
88%
Lexus
82%
Ford
62%
Aucun quiz correspondant
Distribution des résultats
% des personnes avec chaque résultat
Percentile par nombre de réponses
Votre historique - résultats
Vous n’avez pas pris ce quiz